000 00870nam a2200217 i 4500
001 172024
003 ES-MaACL
005 20260429201017.0
008 090610s1971 fr |||| | fre d
080 _a782.1
100 1 _aCastil-Blaze.
_9140627
245 1 3 _aLe Barbier de Séville ou La Précaution inutile
_b: opéra comique en quatre actes, d'après Beaumarchais et le drame italien /
_cparoles ajustées sur la musique de Rossini [par Castil Blaze].
246 1 0 _aPrécaution inutile
260 _aParis :
_bLibrairie Théâtrale,
_c1971.
300 _a103 p. ;
_c18 cm.
650 4 _aÓperas-
_vLibretos.
_9137584
700 1 _aRossini, Gioachino,
_d1792-1868
_9240542
700 _aBeaumarchais, Pierre Augustin Caron de,
_d1732-1799
_9239070
852 4 _aES-MaACL
_jE-12699
_9R-140262
_z. - Biblioteca Jacinto Martínez Lacalle
999 _c172024
_d172024